| 000 | 00000nam##2200000za#4500 |
| 001 | 9.692578 |
| 003 | CaOODSP |
| 005 | 20231123084324 |
| 007 | cr ||||||||||| |
| 008 | 150407|2009||||xxc|||||o f|0| 0 eng|d |
| 040 | |aCaOODSP|beng |
| 043 | |an-cn--- |
| 086 | 1 |aFR5-41/1-2009E-PDF |
| 110 | 1 |aCanada. |bForeign Affairs and International Trade Canada. |
| 245 | 10|aCanada and the Americas - priorities and progress |h[electronic resource] |
| 260 | |aOttawa - Ontario : |bForeign Affairs and International Trade |cc2009. |
| 300 | |a22p.|bfigs., graphs, photographs |
| 500 | |aThe catalogue number (FR5-41/1-2009) and ISBN (978-0-662-06708-5) for the bilingual print edition have been incorrectly copied in this PDF edition. |
| 520 | 3 |aProvides an overview of priorities and progress to date in achieving Canada’s vision for the Americas. |
| 590 | |a09-37|b2009-09-11 |
| 775 | 08|tLe Canada dans les Amériques - priorités et progrès |w(CaOODSP)9.636845 |
| 776 | 0#|tCanada and the Americas - priorities and progress |w(CaOODSP)9.671197 |
| 776 | 0#|tLe Canada dans les Amériques - priorités et progrès |w(CaOODSP)9.671198 |
| 856 | 40|ahttp://publications.gc.ca|qPDF|s3661 KB|uhttps://publications.gc.ca/collections/collection_2009/maeci-dfait/FR5-41-1-2009E.pdf |